Представление документа в формате MARC21

Поле Инд. ПП Название Значение
Тип записи a
Библиографический уровень a
001 Контрольный номер 610f3f9346b6474a9a7110769fd774d1
005 Дата корректировки 20241212095907.4
020 a ISBN 978-5-7995-1373-3
041 0_ a Код языка текста rus
080 a Индекс УДК 691.32
097 b Оператор *Плё*
100 1_ a Автор Мамедов Т.Р.
245 10 a Заглавие Бетоны с заполнителями из стекольных отходов
b Продолж. заглавия статья
p Название части/ раздела - Текст : электронный
260 a Место издания Тверь
b Издательство ТвГТУ
520 0_ a Аннотация В статье рассмотрена проблема вовлечения отходов промышленности для производства материалов строительного назначения. Исследование показало, что технология производства строительных материалов на основе стеклобоя достаточно проста, не требует специального оборудования и больших материальных вложений. После предварительной очистки и разделения на фракции сырье (стеклобой) может быть использовано для производства широкого спектра композитных материалов.
653 0_ a Ключевые слова Стеклобой
a Ключевые слова Вяжущее
a Ключевые слова Бетон
a Ключевые слова Техногенные отходы
a Ключевые слова Отходы стекла
a Ключевые слова Строительные материалы
700 12 a Другие авторы Курятников Ю.Ю.
700 12 a Другие авторы Петропавловская В.Б.
700 12 a Другие авторы Смирнова Е.В.
773 18 w Контрольный № источника b5f2281a861a4b79b61d0f71db93efb4
t Название источника Инновации и моделирование в строительном материаловедении и строительстве
d Место и дата издания Тверь : ТвГТУ, 2024
g Прочая информация С. 64-71
900 a Имя макрообъекта 001-000164441-000000000-0000-0000-01
901 t Тип документа a
950 a Редактор записи ст
951 i EL-ТГТУ? да